Técnicas participativas para la educación popular
Պահպանված է:
| Հիմնական հեղինակ: | |
|---|---|
| Ձևաչափ: | Տեքստ |
| Հրապարակվել է: |
San Jose:
Alforja
|
| Խորագրեր: | |
| Ցուցիչներ: |
Ավելացրեք ցուցիչ
Չկան պիտակներ, Եղեք առաջինը, ով նշում է այս գրառումը!
|
MARC
| LEADER | 00000 a a2200000 04500 | ||
|---|---|---|---|
| 001 | 33806 | ||
| 003 | |||
| 040 | |||
| 090 | |a 0004 V297t T.2 | ||
| 100 | |a Vargas Vargas, Laura | ||
| 245 | |a Técnicas participativas para la educación popular | ||
| 260 | |a San Jose: |b Alforja | ||
| 300 | |a p. irreg.; 2 vol | ||
| 300 | |b il. | ||
| 650 | |a EDUCACION POPULAR | ||
| 650 | |a EDUCACION COMUNITARIA | ||
| 650 | |a PARTICIPACION SOCIAL | ||
| 650 | |a DINAMICA DE GRUPOS | ||
| 650 | |a MANUALES | ||
| 999 | |c 14020 |d 14020 | ||
